000 01847nam a2200289Ia 4500
999 _c50668
_d50668
001 17619
003 GE_BSU
005 20200220124010.0
008 181216s2012 xx |||||||||||||| ||geo||
020 _a 978-9941-0-4967-5
040 _cGE_BSU
041 _ageo
080 _a332.1(075.8) რ-35
245 _aრეგიონული განვითარების დიაგნოსტიკა :
_b(სახელმძღვანელო) /
_cევგენი ბარათაშვილი ; ჯანდრი ზარანდია ; ნოდარ გრძელიშვილი ; ნაირა გალახვარიძე ; რედ. გიორგი მალაშხია.
264 _aთბილისი,
_c2012.
300 _a396 გვ ;
_bცხრ;
_c20 სმ.
504 _aბიბლიოგრ. გვ:390-393
653 _aეკონომიკა.რეგიონული (ტერიტორიული)
653 _aრეგიონული განვითარება
653 _aსახელმძღვანელოში განსაკუთრებული ყურადღება გამახვილებულია რეგიონული ეკონომიკის სისტემური დიაგნოსტიკის ცალკეულ ინდიკატორებზე.
700 _aბარათაშვილი, ევგენი
_9734
700 _aზარანდია, ჯანდრი
_97237
700 _aგრძელიშვილი, ნოდარ
_94965
700 _a გალახვარიძე, ნაირა
_97238
700 _aმალაშხია, გიორგი
_eრედაქტორი
_97239
942 _cBK
_2udc